00376nam a22001217a 450000500170000002000250001708200060004224500180004826000390006627000840010530000370018949000280022620120118124854.0 a9788179638446c48.00 aS aPuss in boots aMumbai :bShree Book Centre,c200? a8, Kakad Industrial Estate, S Keer Road, Matunga WestbMumbaie400016k24377516 aUnpagingbill (col)c28 cm (Pbk) aLarge print easy reader